| 000 | 00889cam a2200217 4500 | ||
|---|---|---|---|
| 001 | WB3706-16 | ||
| 008 | 000000n2001 000 0 eng u | ||
| 035 | _a(Sirsi) u110804 | ||
| 245 | _aFuture of housing is flexibility | ||
| 260 | _c2001 | ||
| 490 |
_aScotsman _v5 February 2001, 3(1) |
||
| 520 | _aA report by the Centre for Economics and Business Research (CEBR) suggests that new models of housing such as quality bedsits, live/work units and technology-integrated 'smart home' will start to challenge the traditional view of houses and flats. The CEBR believes that the increase in homeworking and developments in technology will prompt people to choose flexible housing options. | ||
| 590 | _aWB | ||
| 650 | _aSMART HOMES | ||
| 650 | _aLIVE-WORK SCHEMES | ||
| 650 | _aLETTINGS MARKET | ||
| 650 | _aBEDSITS | ||
| 650 | _aHOMEWORKING | ||
| 690 | _aHOUSING | ||
| 942 | _n0 | ||
| 999 |
_c66054 _d66054 |
||